Notions of the Americans, 1820-1860 /

Bibliographic Details
Other Authors: Grimsted, David (Compiler)
Format: Book
Language:English
Published: New York : G. Braziller, [1970]
Series:American culture ; 3.
Subjects:

MARC

Tag First Indicator Second Indicator Subfields
LEADER 00000cam a2200000 4500
001 in00001136921
005 20150930084531.0
008 710223s1970 nyua b 000 0 eng
010 |a  77132199  
020 |a 0807605689 
035 |a (OCoLC)00123550 
035 |9 AFX7393AM 
040 |a DLC  |c DLC  |d m.c.  |d TXA  |d UtOrBLW 
043 |a n-us--- 
049 |a TXAM 
050 0 0 |a E165  |b .G83 1970 
082 0 |a 917.3/03/508 
100 1 |a Grimsted, David,  |e compiler. 
245 1 0 |a Notions of the Americans, 1820-1860 /  |c Edited, with introd. and notes, by David Grimsted. 
264 1 |a New York :  |b G. Braziller,  |c [1970] 
264 4 |c ©1970 
300 |a xii, 347 pages :  |b illustrations ;  |c 24 cm. 
336 |a text  |b txt  |2 rdacontent 
337 |a unmediated  |b n  |2 rdamedia 
338 |a volume  |b nc  |2 rdacarrier 
490 1 |a The American culture,  |v 3 
504 |a Bibliography: pages [345]-347. 
651 0 |a United States  |x Civilization  |y 1783-1865. 
830 0 |a American culture ;  |v 3. 
999 |a MARS 
999 f f |s fc923ea8-f95c-3614-9084-95e69f9a3833  |i 11f34d70-832b-368c-afa7-0441a84e4425  |t 0 
952 f f |p ric  |a Texas A&M University  |b Rellis Campus  |c Joint Library Facility  |d Remote Storage  |t 0  |e E165 .G83 1970  |h Library of Congress classification  |i unmediated -- volume  |m A14817606238 
998 f f |a E165 .G83 1970  |t 0  |l Remote Storage